Elementos de ecología marina: curso preparatorio
Salvato in:
| Autore principale: | |
|---|---|
| Natura: | Libro |
| Lingua: | spagnolo |
| Pubblicazione: |
Zaragoza
Acribia
1987
|
| Edizione: | 2a. ed |
| Soggetti: | |
| Tags: |
Aggiungi Tag
Nessun Tag, puoi essere il primo ad aggiungerne!!
|
MARC
| LEADER | 00000nam a2200000 a 4500 | ||
|---|---|---|---|
| 001 | UCV4842 | ||
| 003 | CL-VaPUC | ||
| 008 | 880701e19870000SP |||||||||||||||||spa|d | ||
| 082 | 0 | 4 | |a 577.7 |b TAI |2 21 |
| 100 | 0 | |a Tait, R. V |e author |9 299018 | |
| 245 | 1 | 0 | |a Elementos de ecología marina: curso preparatorio |
| 250 | |a 2a. ed | ||
| 300 | |a 446 p | ||
| 942 | |c BK | ||
| 945 | |d 19880701 00:00:00 | ||
| 260 | |a Zaragoza |b Acribia |c 1987 | ||
| 650 | 0 | |a Ecología marina |9 259946 | |
| 583 | |a last modification |c 19880701 00:00:00 |k Rodrigo Vera | ||
| 999 | |c 211498 |d 211496 | ||
| 952 | |0 0 |1 0 |4 0 |6 577_700000000000000_TAI_1987 |7 0 |8 A |9 190903 |a BIBING |b BIBING |d 2019-11-14 |i 2585723 |o 577.7 TAI 1987 |p 2585723 |r 2025-01-20 |w 2019-11-14 |y BK |k GEO | ||
| 952 | |0 0 |1 0 |2 ddc |4 0 |6 577_700000000000000_TAI_1987 |7 0 |8 CCM |9 190904 |a BIBCUR |b BIBCUR |c PAC |d 2019-11-14 |i 2585731 |o 577.7 TAI 1987 |p 2585731 |r 2025-04-22 |w 2019-11-14 |y BK |k CIM | ||